El Japón de Murakami (Record no. 186717)

MARC details
000 -LEADER
campo de control de longitud fija 00968nam a2200277 i 4500
001 - NÚMERO DE CONTROL
campo de control 186717
003 - IDENTIFICADOR DE NÚMERO DE CONTROL
campo de control SpMaBN
005 - FECHA Y HORA DE LA ÚLTIMA TRANSACCIÓN
campo de control 20250918063044.0
008 - DATOS DE LONGITUD FIJA--INFORMACIÓN GENERAL
campo de control de longitud fija 170208s2012 sp fo |||| | spa d
020 ## - NÚMERO INTERNACIONAL ESTÁNDAR DEL LIBRO
Número Internacional Estándar del Libro 978-84-03-01308-7
080 ## - NÚMERO DE LA CLASIFICACIÓN DECIMAL UNIVERSAL
Número de la Clasificación Decimal Universal 821.521 Murakami, Haruki 1.07
080 ## - NÚMERO DE LA CLASIFICACIÓN DECIMAL UNIVERSAL
Número de la Clasificación Decimal Universal 913(520)(0:82)
100 1# - ENTRADA PRINCIPAL--NOMBRE DE PERSONA
Nombre de persona Rubio, Carlos,
Fechas asociadas al nombre 1951-
9 (RLIN) 161669
245 13 - MENCIÓN DEL TÍTULO
Título El Japón de Murakami
Resto del título : las señas de identidad del autor de "Tokio blues", un viaje hacia el país que configura su identidad /
Mención de responsabilidad, etc. Carlos Rubio.
250 ## - MENCION DE EDICION
Mención de edición 1ª ed.
260 ## - PUBLICACIÓN, DISTRIBUCIÓN, ETC.
Lugar de publicación, distribución, etc. Madrid :
Nombre del editor, distribuidor, etc. Aguilar,
Fecha de publicación, distribución, etc. 2012.
300 ## - DESCRIPCIÓN FÍSICA
Extensión 560 p., [16] p. de lám. col. ;
Dimensiones 24 cm.
500 ## - NOTA GENERAL
Nota general Glosario.
504 ## - NOTA DE BIBLIOGRAFÍA, ETC.
Nota de bibliografía, etc. Bibliografía: p. 11-12.
600 14 - PUNTO DE ACCESO ADICIONAL DE MATERIA--NOMBRE DE PERSONA
Nombre de persona Murakami, Haruki,
Fechas asociadas al nombre 1949-
9 (RLIN) 241444
651 #7 - PUNTO DE ACCESO ADICIONAL DE MATERIA--NOMBRE GEOGRÁFICO
Nombre geográfico Japón-
Subdivisión general En la literatura.
9 (RLIN) 161670
651 #4 - PUNTO DE ACCESO ADICIONAL DE MATERIA--NOMBRE GEOGRÁFICO
Nombre geográfico Japón-
Subdivisión general Descripción.
9 (RLIN) 8884
852 ## - LOCALIZACIÓN
Ubicación ES-MaACL
Número de control de estantería A-14008
itemnumber 193774
Sublocalización o colección R.151279
Ubicación en estantería Depósito 1
Signatura antigua Olim: N-7008
942 ## - ELEMENTOS DE ENTRADA SECUNDARIOS (KOHA)
Fuente del sistema de clasificación o colocación Clasificación decimal universal
Holdings
Estatus retirado Estado de pérdida Fuente del sistema de clasificación o colocación Estado de daño No para préstamo Biblioteca de origen Biblioteca actual Ubicación en estantería Fecha de adquisición Fuente de adquisición Total de préstamos Signatura topográfica completa Código de barras Visto por última vez Precio de reemplazo Tipo de ítem Koha
    Clasificación decimal universal     Biblioteca del Ateneo de Madrid Biblioteca del Ateneo de Madrid Depósito 1 08/02/2017 Donación   A-14008 1196951 23/02/2023 23/02/2023 Libro impreso